000 00676nam a2200181 4500
999 _c17205
_d17205
008 220824b ||||| |||| 00| 0 eng d
020 _a9786214181377
082 _22020
_aDFil 363.25
_bB274
100 _aBarreda, Ariel Barco.
_945725
245 _aSpecial crime investigation 2:
_bwith simulation on interrogation and interview/
_cAriel Barco. Barreda.
260 _aQuezon City :
_bWiseman's Books Trading, Inc.,
_c©2020.
300 _ax, 264 pages:
_billustrations;
_c23 cm.
500 _aIncludes references.
650 _aCriminal investigation
_zPhilippines.
_945726
650 _aCriminals-Identification.
_945727
650 _aDetectives.
_915847
942 _2ddc
_cDFIL